Statistics for K Marks the Spot

Click here to take the quiz!

General Stats

  • This quiz has been taken 47 times
  • The average score is 10 of 21

Answer Stats

Hint Answer % Correct
In one's birthday suitNaked
93%
Mountain walkerHiker
86%
Bluffer's gamePoker
84%
Soccer's DavidBeckham
77%
Canadian territoryYukon
68%
Laughed like a witchCackled
66%
Leg jointAnkle
66%
B&B offeringBreakfast
64%
Funny guyJoker
59%
Godzilla's targetTokyo
57%
Senegal's capitalDakar
52%
TetanusLockjaw
45%
Kasparov's final word?Checkmate
43%
Baltic Sea capitalStockholm
39%
CravatNecktie
32%
Adultresses' husbandCuckold
32%
Ohio residentBuckeye
23%
Akhenaten's sonTutankhamun
20%
Cape DutchAfrikaans
14%
Muslim mysticFakir
11%
Derision, scornMockery
9%

Score Distribution

Percentile by Number Answered

Percent of People with Each Score

Your Score History

You have not taken this quiz